[Event "Voronezh op-B 20th"]
[Site "Voronezh"]
[Date "2016.06.21"]
[Round "9"]
[White "Filippov, Ilya"]
[Black "Nakonechny, Ignat"]
[Result "1/2-1/2"]
[WhiteElo "2156"]
[BlackElo "1997"]
[PlyCount "80"]
[EventDate "2016.06.12"]
[EventType "swiss"]
[EventRounds "9"]
[EventCountry "RUS"]
[SourceTitle "EXT 2017"]
[Source "ChessBase"]
[SourceDate "2016.10.25"]
[SourceVersion "1"]
[SourceVersionDate "2016.10.25"]
[SourceQuality "1"]

1. e4 c5 2. Nf3 d6 3. Nc3 Nf6 4. Bb5+ Bd7 5. a4 g6 6. 0-0 Bg7 7. e5 dxe5 8. Nxe5 0-0 9. Nxd7 Nbxd7 10. Re1 e6 11. d4 cxd4 12. Qxd4 Nd5 13. Qd3 Nc5 14. Qg3 Nxc3 15. bxc3 e5 16. Ba3 Qc7 17. Qe3 b6 18. a5 Rfd8 19. Bb4 Nb7 20. axb6 axb6 21. Rxa8 Rxa8 22. Rd1 Rd8 23. Rxd8+ Qxd8 24. h3 Qc7 25. Qe4 Nc5 26. Qd5 Bf6 27. c4 Kg7 28. Bd2 Ne6 29. Be3 Nd4 30. Qd7 Bd8 31. Bxd4 exd4 32. Qxd4+ Bf6 33. Qe4 Qe7 34. Qxe7 Bxe7 35. f4 Bc5+ 36. Kf1 Kf6 37. Ke2 Ke7 38. Kf3 f5 39. Bc6 h5 40. Kg3 Kf6 1/2-1/2

[Event "Voronezh op-B 20th"]
[Site "Voronezh"]
[Date "2016.06.18"]
[Round "6"]
[White "Koshil, Tikhon Stepanovich"]
[Black "Filippov, Ilya"]
[Result "0-1"]
[WhiteElo "1959"]
[BlackElo "2156"]
[PlyCount "90"]
[EventDate "2016.06.12"]
[EventType "swiss"]
[EventRounds "9"]
[EventCountry "RUS"]
[SourceTitle "EXT 2017"]
[Source "ChessBase"]
[SourceDate "2016.10.25"]
[SourceVersion "1"]
[SourceVersionDate "2016.10.25"]
[SourceQuality "1"]

1. e4 e5 2. Nf3 Nf6 3. Nc3 Nc6 4. Qe2 Bc5 5. Nd5 0-0 6. Nxf6+ Qxf6 7. d3 d6 8. c3 Qe7 9. b4 Bb6 10. a4 a5 11. b5 Nd8 12. Bg5 Qe6 13. Nd2 f5 14. Bxd8 Rxd8 15. Nc4 Bc5 16. g3 fxe4 17. dxe4 c6 18. h4 Rf8 19. Ne3 d5 20. exd5 cxd5 21. Bg2 e4 22. Rd1 Bxe3 23. Qxe3 Qf7 24. 0-0 Be6 25. Qb6 Rfc8 26. Qe3 Rc4 27. Ra1 Rac8 28. Rfc1 Qc7 29. Ra3 Bf5 30. Qg5 Qc5 31. Ra2 Rf8 32. h5 h6 33. Qd2 d4 34. Bf1 d3 35. Kh2 Bg4 36. Bg2 Qxh5+ 37. Kg1 Qc5 38. Kh2 Be2 39. Qe3 Qxe3 40. fxe3 Rd8 41. Rxe2 dxe2 42. Re1 Rd2 43. Bh3 Rxc3 44. Bg4 Rxe3 45. Kg2 Rd1 0-1

[Event "Voronezh op-B 20th"]
[Site "Voronezh"]
[Date "2016.06.15"]
[Round "4"]
[White "Tverdokhleb, Aleksandr"]
[Black "Filippov, Ilya"]
[Result "1/2-1/2"]
[WhiteElo "2042"]
[BlackElo "2156"]
[PlyCount "81"]
[EventDate "2016.06.12"]
[EventType "swiss"]
[EventRounds "9"]
[EventCountry "RUS"]
[SourceTitle "EXT 2017"]
[Source "ChessBase"]
[SourceDate "2016.10.25"]
[SourceVersion "1"]
[SourceVersionDate "2016.10.25"]
[SourceQuality "1"]

1. e4 d5 2. exd5 Qxd5 3. Nc3 Qa5 4. Bc4 c6 5. d3 Nf6 6. a3 Bg4 7. Nge2 e6 8. f3 Bf5 9. Ng3 Bg6 10. Be3 Be7 11. 0-0 0-0 12. f4 Re8 13. Qd2 Nbd7 14. b4 Qc7 15. f5 exf5 16. Bf4 Bd6 17. Bxd6 Qxd6 18. Nxf5 Qc7 19. d4 Rad8 20. Qg5 Nb6 21. Nxg7 Nxc4 22. Qxf6 Re3 23. Nf5 Bxf5 24. Rxf5 Re6 25. Rg5+ Kf8 26. Qg7+ Ke8 27. Qxh7 Qf4 28. Rg8+ Ke7 29. Rf1 Qxd4+ 30. Kh1 Rf6 31. Re1+ Ne5 32. Rg3 Kd7 33. Qe4 Kc7 34. h3 Ng6 35. Qxd4 Rxd4 36. Rd3 Rc4 37. Re4 Rf4 38. Rxf4 Rxf4 39. Rf3 Rxf3 40. gxf3 f5 41. Kg2 1/2-1/2